00510nam a22001577a 450000500170000000800410001702000280005804100130008608200140009910000370011324500770015025000200022726000470024730000330029465000250032720231108071856.0231108b |||||||| |||| 00| 0 eng d a0409053163 ; 0409053171 aEnglish  a346.4 SIL aBadenhorst, PJ et al. lEnglish  aSilberberg and Schoeman's: The Law of Property / cPJ Badenhorst et al.  aFourth Edition  aDurban : bLexisNexis Butterworths, c2003 bxxiii, 643 pages ; c25 cm.  aLegal practice bLaw